[Event "Pripis Memorial"]
[Site "Moscow"]
[Date "1999.??.??"]
[Round "12"]
[White "Grigoriants, Sergey"]
[Black "Sichinava, Roman"]
[Result "0-1"]
[WhiteElo "2313"]
[BlackElo "2395"]
[PlyCount "114"]
[EventDate "1999.??.??"]
[EventType "tourn"]
[EventRounds "12"]
[EventCountry "RUS"]
[EventCategory "7"]
[SourceTitle "EXT 2001"]
[Source "ChessBase"]
[SourceDate "2000.11.22"]
[SourceVersion "1"]
[SourceVersionDate "2000.11.22"]
[SourceQuality "1"]

1. c4 d6 2. Nc3 e5 3. g3 Nc6 4. Bg2 g6 5. d3 Bg7 6. e3 Nge7 7. Nge2 0-0 8. 0-0 g5 9. Rb1 a5 10. a3 Ng6 11. b4 axb4 12. axb4 f5 13. b5 Nce7 14. f4 gxf4 15. exf4 exf4 16. gxf4 Nh4 17. Bh1 Kh8 18. Bb2 Rg8 19. Kf2 c6 20. Qd2 Bd7 21. Rg1 Nhg6 22. Rg3 Qf8 23. Rh3 d5 24. Ng3 dxc4 25. Nh5 cxd3 26. Nd1 cxb5 27. Bxb7 Rb8 28. Rxd3 Rxb7 29. Nxg7 Rxg7 30. Rxd7 Rxd7 31. Qxd7 Kg8 32. Bxg7 Kxg7 33. Qd4+ Qf6 34. Qxf6+ Kxf6 35. Kf3 Nc6 36. Ke3 b4 37. Nf2 Nge7 38. Nd3 Nd5+ 39. Kf3 Nd4+ 40. Kg3 b3 41. Nc5 Nc3 42. Rb2 Ne4+ 43. Nxe4+ fxe4 44. Rd2 Nf5+ 45. Kg2 Ne3+ 46. Kh3 Nc2 47. Rd6+ Ke7 48. Rb6 e3 49. Rxb3 e2 50. Rb1 e1Q 51. Rxe1+ Nxe1 52. Kg4 Kf7 53. Kh5 Nf3 54. Kh6 Kg8 55. h3 Kh8 56. f5 Kg8 57. h4 Nxh4 0-1

[Event "Pripis Memorial"]
[Site "Moscow"]
[Date "1999.??.??"]
[Round "6"]
[White "Sichinava, Roman"]
[Black "Evdokimov, Alexander A"]
[Result "1-0"]
[WhiteElo "2395"]
[BlackElo "2252"]
[PlyCount "77"]
[EventDate "1999.??.??"]
[EventType "tourn"]
[EventRounds "12"]
[EventCountry "RUS"]
[EventCategory "7"]
[SourceTitle "EXT 2001"]
[Source "ChessBase"]
[SourceDate "2000.11.22"]
[SourceVersion "1"]
[SourceVersionDate "2000.11.22"]
[SourceQuality "1"]

1. c4 c5 2. g3 Nc6 3. Bg2 g6 4. e3 Bg7 5. Ne2 Nf6 6. Nbc3 e6 7. 0-0 0-0 8. d4 cxd4 9. Nxd4 d5 10. cxd5 Nxd5 11. Nxd5 exd5 12. Qb3 Nxd4 13. exd4 Be6 14. Qxb7 Bxd4 15. Bf4 Rc8 16. Rad1 Qf6 17. Rd2 Rcd8 18. h4 Qg7 19. Qb4 Bf6 20. Bg5 Rb8 21. Bxf6 Qxf6 22. Qa3 Rfd8 23. b3 Qc3 24. Rfd1 Rd7 25. Rd3 Qc2 26. R1d2 Qc6 27. Qb2 Rc8 28. Kh2 a5 29. h5 Qc5 30. h6 Qf8 31. Qg7+ Qxg7 32. hxg7 Rc5 33. Rd4 Kxg7 34. a3 Rc6 35. b4 axb4 36. Rxb4 Ra7 37. a4 Bd7 38. g4 Ra8 39. Bxd5 1-0

[Event "Chemnitz op"]
[Site "Chemnitz"]
[Date "1998.??.??"]
[Round "9"]
[White "Sichinava, Roman"]
[Black "Mchedlishvili, Mikheil"]
[Result "1-0"]
[WhiteElo "2410"]
[BlackElo "2365"]
[PlyCount "59"]
[EventDate "1998.??.??"]
[EventType "swiss"]
[EventRounds "9"]
[EventCountry "GER"]
[SourceTitle "EXT 1999"]
[Source "ChessBase"]
[SourceDate "1998.11.16"]
[SourceVersion "1"]
[SourceVersionDate "1998.11.16"]
[SourceQuality "1"]

1. Nf3 d5 2. g3 Nf6 3. Bg2 c5 4. 0-0 Nc6 5. d4 e6 6. c4 cxd4 7. cxd5 exd5 8. Nxd4 Be7 9. Nxc6 bxc6 10. Qc2 Bd7 11. Nd2 0-0 12. Nb3 Re8 13. Be3 Bf8 14. Bc5 Bxc5 15. Nxc5 Rc8 16. Rfd1 Bg4 17. Rd2 Nd7 18. e4 Be6 19. Nxe6 fxe6 20. Re1 Nf6 21. Rde2 Qb6 22. h3 e5 23. Qd3 dxe4 24. Bxe4 Qd4 25. Bxh7+ Kh8 26. Bg6 Red8 27. Qf5 e4 28. Rxe4 Nxe4 29. Qh5+ Kg8 30. Qh7+ 1-0

[Event "WchT U26 11th"]
[Site "Roque Saenz Pena"]
[Date "1997.08.08"]
[Round "3"]
[White "Guid, Matej"]
[Black "Sichinava, Roman"]
[Result "0-1"]
[WhiteElo "2150"]
[BlackElo "2420"]
[PlyCount "90"]
[EventDate "1997.08.06"]
[EventType "team-swiss"]
[EventRounds "9"]
[EventCountry "ARG"]
[SourceTitle "EXT 2020"]
[Source "ChessBase"]
[SourceDate "2019.10.17"]
[SourceVersion "1"]
[SourceVersionDate "2019.10.17"]
[SourceQuality "1"]
[WhiteTeam "Slovenia"]
[BlackTeam "Georgia"]
[WhiteTeamCountry "SLO"]
[BlackTeamCountry "GEO"]

1. d4 d6 2. Nf3 g6 3. g3 Bg7 4. Bg2 Nf6 5. 0-0 0-0 6. b3 c5 7. Bb2 Nc6 8. Nbd2 Bf5 9. c3 cxd4 10. Nxd4 Nxd4 11. cxd4 d5 12. f3 Rc8 13. e4 dxe4 14. fxe4 Bg4 15. Qb1 Bh6 16. Qd3 Be2 17. Qxe2 Rc2 18. Rfd1 Rxb2 19. Qd3 Ng4 20. Nc4 Nf2 21. Qf3 Nxd1 22. Qxd1 Rd2 23. Nxd2 Qxd4+ 24. Kh1 Bxd2 25. Rc1 Rd8 26. Rc7 Qe5 27. Rc2 Ba5 28. Qf3 Qa1+ 29. Bf1 Bb6 30. Kg2 Qe5 31. Bc4 e6 32. Qf4 Qd4 33. a4 a5 34. Re2 Kg7 35. Qf3 h5 36. Qf4 Qc5 37. e5 Qe7 38. g4 hxg4 39. Qxg4 Rh8 40. Kg3 Rh5 41. h4 Rf5 42. Qe4 Bc7 43. Kh3 Bxe5 44. Qg4 Bf6 45. Rg2 Qd6 0-1

[Event "WchT U26 11th"]
[Site "Roque Saenz Pena"]
[Date "1997.08.07"]
[Round "2"]
[White "Sichinava, Roman"]
[Black "Playa, Marcelo"]
[Result "1-0"]
[WhiteElo "2420"]
[BlackElo "2380"]
[PlyCount "80"]
[EventDate "1997.08.06"]
[EventType "team-swiss"]
[EventRounds "9"]
[EventCountry "ARG"]
[SourceTitle "EXT 2020"]
[Source "ChessBase"]
[SourceDate "2019.10.17"]
[SourceVersion "1"]
[SourceVersionDate "2019.10.17"]
[SourceQuality "1"]
[WhiteTeam "Georgia"]
[BlackTeam "Argentina II"]
[WhiteTeamCountry "GEO"]
[BlackTeamCountry "ARG"]

1. c4 e6 2. g3 Nf6 3. Bg2 d5 4. Nf3 c5 5. 0-0 d4 6. b4 cxb4 7. a3 bxa3 8. Bxa3 Bxa3 9. Qa4+ Qd7 10. Qxd7+ Kxd7 11. Nxa3 Nc6 12. Nb5 e5 13. Rfb1 a6 14. c5 Ne8 15. Ng5 Nd8 16. f4 f6 17. Nf3 Nf7 18. fxe5 fxe5 19. Na3 Kc7 20. Nc4 Nf6 21. Ncxe5 Nxe5 22. Nxe5 Re8 23. c6 Rxe5 24. cxb7 Rb8 25. bxc8Q+ Kxc8 26. Rc1+ Kd7 27. Bc6+ Kd8 28. Bf3 Rb6 29. Rc4 Rd6 30. d3 Re7 31. Rac1 Red7 32. Rc8+ Ke7 33. R1c4 Rd8 34. R8c5 R8d7 35. Ra5 Ne8 36. Bc6 Rd8 37. Rxa6 Rc8 38. Ra7+ Kf8 39. Bf3 Rxc4 40. dxc4 d3 1-0

[Event "GEO-ch"]
[Site "Tbilisi"]
[Date "1997.??.??"]
[Round "?"]
[White "Bakhtadze, Giorgi"]
[Black "Sichinava, Roman"]
[Result "1/2-1/2"]
[WhiteElo "2330"]
[BlackElo "2465"]
[PlyCount "41"]
[EventDate "1997.??.??"]
[EventType "swiss"]
[EventRounds "9"]
[EventCountry "GEO"]
[SourceTitle "EXT 2002"]
[Source "ChessBase"]
[SourceDate "2001.11.25"]
[SourceVersion "1"]
[SourceVersionDate "2001.11.25"]
[SourceQuality "1"]

1. e4 g6 2. d4 Bg7 3. Nf3 d6 4. Bd3 Nf6 5. 0-0 0-0 6. c3 Nc6 7. h3 e5 8. Re1 h6 9. Na3 Nh5 10. Nc2 Qf6 11. b4 Nf4 12. Bxf4 Qxf4 13. Ne3 Ne7 14. Nf5 Nxf5 15. exf5 h5 16. g3 Qh6 17. dxe5 gxf5 18. Qc1 Qxc1 19. Raxc1 dxe5 20. Nxe5 Be6 21. Bc4 1/2-1/2

[Event "Fajr op 06th"]
[Site "Iran"]
[Date "1997.??.??"]
[Round "2"]
[White "Rezaei, Reza"]
[Black "Sichinava, Roman"]
[Result "1/2-1/2"]
[WhiteElo "2205"]
[BlackElo "2465"]
[PlyCount "121"]
[EventDate "1997.??.??"]
[EventType "swiss"]
[EventRounds "9"]
[EventCountry "IRI"]
[SourceTitle "EXT 2003"]
[Source "ChessBase"]
[SourceDate "2002.11.25"]
[SourceVersion "1"]
[SourceVersionDate "2002.11.25"]
[SourceQuality "1"]

1. e4 g6 2. d4 Bg7 3. Nf3 d6 4. Bc4 Nf6 5. e5 dxe5 6. Nxe5 0-0 7. 0-0 Nbd7 8. Nxd7 Qxd7 9. c3 b6 10. Nd2 Bb7 11. Be2 Rac8 12. Bf3 c5 13. Bxb7 Qxb7 14. Qf3 Qxf3 15. Nxf3 cxd4 16. Nxd4 Ne4 17. Ne2 e6 18. Nf4 Nf6 19. a4 Rfd8 20. a5 Ng4 21. axb6 axb6 22. Ra6 Rb8 23. Ne2 e5 24. c4 Rdc8 25. h3 Nf6 26. b3 b5 27. f4 bxc4 28. fxe5 Nd7 29. e6 Nc5 30. exf7+ Kh8 31. f8Q+ Bxf8 32. Ra7 cxb3 33. Rxf8+ Rxf8 34. Bb2+ Rf6 35. Bxf6+ Kg8 36. Rg7+ Kf8 37. Rxh7 Rb6 38. Be7+ Kg8 39. Bxc5 b2 40. Nc3 Rb3 41. Rd7 Rxc3 42. Rd8+ Kf7 43. Rb8 Rc1+ 44. Kh2 b1Q 45. Rxb1 Rxb1 46. h4 Ke6 47. Be3 Kf5 48. Bg5 Kg4 49. Be7 Rb3 50. Bg5 Kf5 51. Kg1 Rd3 52. Kh2 Rc3 53. Bd2 Rb3 54. Bh6 Ke4 55. Bg5 Kd3 56. Kg3 Ke2+ 57. Kf4 Kf2 58. Bf6 Kxg2 59. Kg5 Rg3+ 60. Kh6 Kf3 61. Bg5 1/2-1/2

[Event "Fajr op 06th"]
[Site "Iran"]
[Date "1997.??.??"]
[Round "5"]
[White "Sichinava, Roman"]
[Black "Sobhani, Farshid"]
[Result "1/2-1/2"]
[WhiteElo "2465"]
[BlackElo "2235"]
[PlyCount "112"]
[EventDate "1997.??.??"]
[EventType "swiss"]
[EventRounds "9"]
[EventCountry "IRI"]
[SourceTitle "EXT 2003"]
[Source "ChessBase"]
[SourceDate "2002.11.25"]
[SourceVersion "1"]
[SourceVersionDate "2002.11.25"]
[SourceQuality "1"]

1. c4 e6 2. Nf3 d5 3. d4 c6 4. Nbd2 Nd7 5. g3 Ngf6 6. Bg2 Bd6 7. 0-0 0-0 8. b3 Re8 9. Bb2 e5 10. cxd5 cxd5 11. dxe5 Nxe5 12. Nxe5 Bxe5 13. Bxe5 Rxe5 14. Nf3 Re8 15. Nd4 Bg4 16. Qd3 Qe7 17. e3 Rac8 18. h3 Bd7 19. Ne2 a6 20. Nc3 Qe5 21. Rac1 Bf5 22. Qd4 Qxd4 23. exd4 Rcd8 24. Rfe1 Kf8 25. Rxe8+ Kxe8 26. Re1+ Kf8 27. g4 Be4 28. f3 Bd3 29. Na4 Bb5 30. Nc5 b6 31. a4 bxc5 32. axb5 axb5 33. dxc5 b4 34. f4 Rc8 35. Rc1 Ke7 36. Kf2 Nd7 37. Bxd5 Nxc5 38. Kf3 Rc7 39. Rc4 Na6 40. Ke3 Rxc4 41. Bxc4 Nc5 42. Kd4 Nd7 43. Bb5 Nf6 44. Kc5 h5 45. Be2 Ne4+ 46. Kd4 Nc3 47. Bc4 hxg4 48. hxg4 f6 49. Kc5 Na2 50. f5 Kd7 51. Bb5+ Ke7 52. Bc6 Kf8 53. Kd6 Nc3 54. Bd5 Na2 55. Bc4 Nc3 56. Bd3 Na2 1/2-1/2

[Event "Wch U26"]
[Site "Leon"]
[Date "1996.??.??"]
[Round "8"]
[White "San Segundo Carrillo, Pablo"]
[Black "Sichinava, Roman"]
[Result "1/2-1/2"]
[WhiteElo "2505"]
[BlackElo "2450"]
[PlyCount "73"]
[EventDate "1996.??.??"]
[EventType "swiss"]
[EventRounds "9"]
[EventCountry "ESP"]
[SourceTitle "EXT 1997"]
[Source "ChessBase"]
[SourceDate "1996.11.15"]
[SourceVersion "1"]
[SourceVersionDate "1996.11.15"]
[SourceQuality "1"]

1. d4 d6 2. Nf3 g6 3. c4 Bg7 4. e4 Nd7 5. Nc3 c6 6. Be2 e5 7. 0-0 Ngf6 8. Be3 0-0 9. d5 c5 10. Nd2 Ne8 11. g4 Kh8 12. Kh1 Ndf6 13. Rg1 Ng8 14. a3 f5 15. gxf5 gxf5 16. exf5 Ne7 17. Nde4 Nxf5 18. Bd3 Bh6 19. Qd2 Qh4 20. Bxh6 Nxh6 21. Qg5 Qxg5 22. Rxg5 Bg4 23. Be2 Bxe2 24. Nxe2 Rd8 25. b4 b6 26. bxc5 bxc5 27. Rb1 Nf6 28. N2c3 Nxe4 29. Nxe4 Rd7 30. Rb3 Nf5 31. Rh3 Rg7 32. Rxg7 Kxg7 33. Rf3 Rf7 34. Ng5 Rf6 35. Ne4 Rf7 36. Ng5 Rf6 37. Ne4 1/2-1/2

[Event "GEO-ch"]
[Site "Tbilisi"]
[Date "1996.??.??"]
[Round "?"]
[White "Sichinava, Roman"]
[Black "Gurgenidze, Bukhuti"]
[Result "1/2-1/2"]
[WhiteElo "2445"]
[BlackElo "2340"]
[PlyCount "76"]
[EventDate "1996.??.??"]
[EventType "tourn"]
[EventRounds "9"]
[EventCountry "GEO"]
[EventCategory "7"]
[SourceTitle "EXT 1999"]
[Source "ChessBase"]
[SourceDate "1998.11.16"]
[SourceVersion "1"]
[SourceVersionDate "1998.11.16"]
[SourceQuality "1"]

1. c4 e5 2. Nc3 Bb4 3. g3 Bxc3 4. bxc3 Ne7 5. Bg2 Nbc6 6. Nf3 d6 7. 0-0 Be6 8. d3 f6 9. Ne1 Qd7 10. Nc2 Bh3 11. e4 Bxg2 12. Kxg2 0-0 13. Be3 f5 14. f3 fxe4 15. fxe4 Rxf1 16. Qxf1 Rf8 17. Qe2 Ng6 18. Nb4 Nxb4 19. cxb4 Nf4+ 20. Bxf4 exf4 21. Rf1 fxg3 22. Rxf8+ Kxf8 23. Kxg3 Kg8 24. b5 a6 25. Qh5 axb5 26. Qd5+ Kf8 27. Qxb7 bxc4 28. dxc4 Ke7 29. Kf2 h5 30. a3 g6 31. Qb2 Qe6 32. Qd4 Kd7 33. a4 Kc8 34. Qh8+ Kb7 35. Qb2+ Ka7 36. Qd4+ Ka6 37. Qd3 Ka7 38. Qd4+ Ka6 1/2-1/2

[Event "GEO-ch"]
[Site "Tbilisi"]
[Date "1996.??.??"]
[Round "?"]
[White "Sichinava, Roman"]
[Black "Lobzhanidze, Davit"]
[Result "1-0"]
[WhiteElo "2445"]
[BlackElo "2280"]
[PlyCount "142"]
[EventDate "1996.??.??"]
[EventType "tourn"]
[EventRounds "9"]
[EventCountry "GEO"]
[EventCategory "7"]
[SourceTitle "EXT 1999"]
[Source "ChessBase"]
[SourceDate "1998.11.16"]
[SourceVersion "1"]
[SourceVersionDate "1998.11.16"]
[SourceQuality "1"]

1. c4 e6 2. Nf3 d5 3. g3 Nf6 4. Bg2 Be7 5. 0-0 0-0 6. b3 c5 7. cxd5 Nxd5 8. Bb2 Nc6 9. Nc3 Bf6 10. Qc1 Nxc3 11. dxc3 Qc7 12. c4 Nd4 13. Nxd4 cxd4 14. e3 e5 15. exd4 exd4 16. Qd2 Rd8 17. Qd3 Qc5 18. Be4 g6 19. Qf3 Bg7 20. Bxb7 Bxb7 21. Qxb7 d3 22. Bxg7 Kxg7 23. Rad1 Rab8 24. Qf3 Qd4 25. Rd2 Rd7 26. Rfd1 Rbd8 27. Rxd3 Qxd3 28. Rxd3 Rxd3 29. Qe4 R3d4 30. Qe5+ Kg8 31. c5 Rd1+ 32. Kg2 Rc1 33. Qc7 Rd2 34. Qxa7 Kg7 35. Qe7 Rxa2 36. Qe5+ Kg8 37. Qe8+ Kg7 38. Qe5+ Kg8 39. b4 Rac2 40. Qe8+ Kg7 41. Qe5+ Kg8 42. Qb8+ Kg7 43. Qe5+ Kg8 44. g4 Rc4 45. Qb8+ Kg7 46. h3 h6 47. Qe5+ Kg8 48. Qe3 R1c3 49. Qe2 g5 50. Qe8+ Kg7 51. Qe5+ Kg6 52. Qh8 Rc1 53. Qg8+ Kf6 54. Qh7 Ke6 55. Qf5+ Ke7 56. Qe5+ Kf8 57. Qf6 Rxb4 58. Qxh6+ Ke8 59. Qc6+ Ke7 60. Qd6+ Ke8 61. Qe5+ Kf8 62. Qxg5 Rbc4 63. h4 Rxc5 64. Qf6 Kg8 65. h5 R5c4 66. Kg3 Rc6 67. Qg5+ Kf8 68. Qf5 Kg8 69. Qd7 R1c3+ 70. f3 R3c5 71. Kh4 Rc4 1-0

[Event "Wch U26"]
[Site "Leon"]
[Date "1996.??.??"]
[Round "9"]
[White "Sichinava, Roman"]
[Black "Maharramzade, Javad"]
[Result "1/2-1/2"]
[WhiteElo "2450"]
[BlackElo "2415"]
[PlyCount "50"]
[EventDate "1996.??.??"]
[EventType "swiss"]
[EventRounds "9"]
[EventCountry "ESP"]
[SourceTitle "EXT 1997"]
[Source "ChessBase"]
[SourceDate "1996.11.15"]
[SourceVersion "1"]
[SourceVersionDate "1996.11.15"]
[SourceQuality "1"]

1. c4 c5 2. g3 g6 3. Bg2 Bg7 4. Nf3 Nc6 5. 0-0 e6 6. Na3 Nge7 7. Nc2 0-0 8. d4 cxd4 9. Ncxd4 d5 10. cxd5 Nxd5 11. e4 Nxd4 12. Nxd4 Nb6 13. Nb3 Bd7 14. Re1 Nc4 15. Rb1 Rc8 16. Nd2 Ne5 17. Nf3 Bb5 18. Nxe5 Bxe5 19. Bh6 Qxd1 20. Rexd1 Rfd8 21. b3 Be2 22. Rxd8+ Rxd8 23. h4 b6 24. Bf1 Bf3 25. Bg2 Be2 1/2-1/2

[Event "Moscow3"]
[Site "Moscow"]
[Date "1995.??.??"]
[Round "?"]
[White "Sichinava, Roman"]
[Black "Baikov, Vladimir A"]
[Result "1-0"]
[WhiteElo "2400"]
[BlackElo "2345"]
[PlyCount "137"]
[EventDate "1995.04.??"]
[EventType "tourn"]
[EventRounds "11"]
[EventCountry "RUS"]
[EventCategory "8"]
[SourceTitle "CBM 047 Extra"]
[Source "ChessBase"]
[SourceDate "1995.09.01"]
[SourceVersion "1"]
[SourceVersionDate "1995.09.01"]
[SourceQuality "1"]

1. c4 Nf6 2. Nc3 d5 3. cxd5 Nxd5 4. g3 g6 5. Bg2 Nb6 6. Nf3 Bg7 7. 0-0 0-0 8. d3 Nc6 9. Bd2 e5 10. Rb1 Nd4 11. b4 Bg4 12. Nxd4 exd4 13. Ne4 Re8 14. Re1 Nd5 15. b5 b6 16. Qb3 Qd7 17. Nc5 bxc5 18. Qxd5 Qxd5 19. Bxd5 Rad8 20. Bc4 Bxe2 21. Bf4 Rc8 22. Kg2 Bg4 23. Rxe8+ Rxe8 24. Bxc7 Be6 25. a4 Be5 26. Bxe5 Bxc4 27. dxc4 Rxe5 28. a5 Kf8 29. b6 axb6 30. axb6 Re8 31. Kf3 d3 32. Rb2 Ke7 33. b7 Rb8 34. Ke3 Kd6 35. Rb6+ Kc7 36. Rf6 Rf8 37. Kxd3 Kxb7 38. Ke4 Kc7 39. Kd5 Kd7 40. Kxc5 Rc8+ 41. Kd5 Ke7 42. Rf4 Rd8+ 43. Kc6 Rd6+ 44. Kb5 Rd2 45. c5 f5 46. Kc6 Ke6 47. h4 h6 48. Rf3 g5 49. hxg5 hxg5 50. Re3+ Kf6 51. f3 f4 52. gxf4 gxf4 53. Rb3 Re2 54. Kb5 Ke6 55. Rd3 Rb2+ 56. Kc4 Rc2+ 57. Rc3 Re2 58. Kd3 Re1 59. Kd2 Re5 60. c6 Rd5+ 61. Kc2 Rd8 62. c7 Rc8 63. Kd3 Kd7 64. Ke4 Re8+ 65. Kxf4 Kc8 66. Kg3 Rg8+ 67. Kf2 Rf8 68. Rc4 Rf7 69. f4 1-0

[Event "Moscow3"]
[Site "Moscow"]
[Date "1995.??.??"]
[Round "?"]
[White "Sichinava, Roman"]
[Black "Rustemov, Alexander"]
[Result "1-0"]
[WhiteElo "2400"]
[BlackElo "2450"]
[PlyCount "61"]
[EventDate "1995.04.??"]
[EventType "tourn"]
[EventRounds "11"]
[EventCountry "RUS"]
[EventCategory "8"]
[SourceTitle "CBM 047 Extra"]
[Source "ChessBase"]
[SourceDate "1995.09.01"]
[SourceVersion "1"]
[SourceVersionDate "1995.09.01"]
[SourceQuality "1"]

1. c4 f5 2. Nf3 Nf6 3. g3 g6 4. Bg2 Bg7 5. 0-0 0-0 6. Nc3 d6 7. d3 Nc6 8. Rb1 Nh5 9. Bd2 f4 10. b4 e5 11. b5 Ne7 12. Ne1 g5 13. Nc2 g4 14. a4 Rb8 15. a5 Nf5 16. Nd5 Bd7 17. Ndb4 Qe8 18. a6 c5 19. Nd5 b6 20. Qc1 Kh8 21. gxf4 exf4 22. Nxf4 Nxf4 23. Bxf4 Qxe2 24. Be4 Nd4 25. Nxd4 Bxd4 26. Bxd6 Rxf2 27. Rxf2 Qxf2+ 28. Kh1 Bf5 29. Qe1 Bxe4+ 30. Qxe4 Qf3+ 31. Qxf3 1-0